000 00911nam0a2200289 i 4500
001 RU\NLR\bibl\1964243
005 20260406012002.0
010 _a9785699589722
_92500
021 _aRU
_b2012-79383
_95889
035 _a(NLR Aleph) 001953213
090 _a3723834
_c3723834
100 _a20121107d2012 u y0rusy50 ca
101 0 _arus
102 _aRU
105 _ay |||||||||
200 1 _aОни
_fАлексей Шолохов
210 _aМосква
_cЭксмо
_d2012
215 _a349, [1] c.
_d20
225 1 _aНЕРВ
_iСовременный роман ужасов
686 _aШ6(2=Р)8-445
700 1 _4070
_7ca
_8rus
_aШолохов
_bА. В.
_cписатель
_f1975-
_gАлексей Викторович
_9100410
_3RU\NLR\auth\77117485
801 0 _aRU
_bNLR
_c20121107
_gRCR
801 1 _aRU
_bNLR
_c20121107
942 _cBOOK
980 _aNBR